Carregant...
Bhaki
| Autor principal: | |
|---|---|
| Format: | Printed Book |
| Publicat: |
East West University;
1977
|
| Matèries: |
| LEADER | 00441nam a22001337a 4500 | ||
|---|---|---|---|
| 082 | |a 249.5 |b NIT/B L7 | ||
| 100 | |a Nitya Chaitanya Yati |9 309457 | ||
| 245 | |a Bhaki | ||
| 260 | |b East West University; |c 1977 | ||
| 300 | |a 19p. | ||
| 650 | |a English;Hinduism |9 309458 | ||
| 942 | |c BK | ||
| 999 | |c 73700 |d 73700 | ||
| 952 | |0 0 |1 0 |4 0 |6 249_500000000000000_NIT_B_L7 |7 0 |8 Hindu |9 86890 |a MAL |b MAL |d 2017-01-20 |e 24660 |l 0 |o 249.5 NIT/B L7 |p MAL024660 |r 2017-01-20 |t 1 |w 2017-01-20 |y BK | ||